| 000 | 00774nam a2200253 4500 | ||
|---|---|---|---|
| 005 | 20260322212018.0 | ||
| 008 | data | ||
| 010 | _a 73007023 // r75 | ||
| 020 | _a0823640302 | ||
| 020 | _a9780823640300 | ||
| 050 | 0 |
_aRC506 _b.S24 |
|
| 096 | _aWM 460 S51p 1973 | ||
| 100 | 1 | _aSandler, Joseph. | |
| 245 | 1 | 4 |
_aThe patient and the analyst; _bthe basis of the psychoanalytic process _c[by] Joseph Sandler, Christopher Dare [and] Alex Holder. |
| 260 |
_aNew York, _bInternational Universities Press _c[1973] |
||
| 300 |
_a150 p. _c23 cm. |
||
| 504 | _aBibliography: p. 129-143. | ||
| 590 | _aBibliography, p. 129-143. | ||
| 650 | 0 | _aPsychoanalysis. | |
| 650 | 0 | _aPsychotherapist and patient. | |
| 700 | 1 | _aDare, Christopher. | |
| 700 | 1 | _aHolder, Alex. | |
| 001 | data | ||
| 999 |
_c405 _d405 |
||